000 00339nam a22001337a 4500
020 _a81-7709-851-9
082 _a540
_bAHU/B
100 _aV AHLUWALIA, S CHOWDHURY, B VAIJAYANTHI
245 _aBASIC CHEMISTRY
_bFOR CLASS XI
260 _aDELHI
_bBHARATI BHAWAN
_c2008
300 _a538
650 _aCHEMISTRY FOR CLASS XI
_zINDIA
942 _cBK
999 _c546
_d546